Les mots de la langue française se terminant par "vie" - Statistiques

Statistiques générales
  • Ce quiz a été pris 331 fois
  • Le résultat moyen est 12 sur 20
Statistiques - réponses
Indice Mot % Correct
désir envie
95%
existence vie
94%
capitale de la Pologne Varsovie
92%
pays d'Amérique du Sud Bolivie
88%
enchantée ravie
88%
fait de continuer à vivre survie
86%
madame est ... servie
82%
escaladée gravie
74%
prénom féminin Sylvie
71%
pays d'Europe Moldavie
67%
ville de Pologne Cracovie
65%
assujettie, opprimée asservie
54%
ancien état d'Europe Yougoslavie
53%
région du Nord de l'Europe Scandinavie
46%
ville de la Gaule antique assiégée Gergovie
42%
surveillée, continue suivie
36%
épanchement synovie
32%
défavorisée, débarrassée desservie
26%
rassasiée assouvie
24%
continuée, harcelée poursuivie
16%
Aucun quiz correspondant
Distribution des résultats
% des personnes avec chaque résultat
Percentile par nombre de réponses
Votre historique - résultats
Vous n’avez pas pris ce quiz